The mystery of rolling chip / (Record no. 33172)

MARC details
000 -LEADER
fixed length control field 02647nam a2200361 a 4500
005 - DATE AND TIME OF LATEST TRANSACTION
control field 2009121803273.0
008 - FIXED-LENGTH DATA ELEMENTS--GENERAL INFORMATION
fixed length control field 080508s2008 ctua 000 0 eng
010 ## - LCCN (DPL NO)
LC control number B-370367-377
020 ## - INTERNATIONAL STANDARD BOOK NUMBER
International Standard Book Number 9788179874783
Terms of availability 48.00
035 ## - SYSTEM CONTROL NUMBER
System control number B-370367-377
037 ## - SOURCE OF ACQUISITION
Source of stock number/acquisition Vishv Vijay
040 ## - CATALOGING SOURCE
Original cataloging agency dpl
Language of cataloging English
082 ## - DEWEY DECIMAL CLASSIFICATION NUMBER
Classification number S
100 ## - MAIN ENTRY--PERSONAL NAME
Personal name Rungeen Singh
245 ## - TITLE STATEMENT
Title The mystery of rolling chip /
Statement of responsibility, etc by Rungeen Singh
260 ## - PUBLICATION, DISTRIBUTION, ETC. (IMPRINT)
Place of publication, distribution, etc New Delhi
Name of publisher, distributor, etc Vishv Vijay
Date of publication, distribution, etc (201?)
270 ## - ADDRESS
Address M-12, Connaught Circus
City New Delhi
Postal code 110001
300 ## - PHYSICAL DESCRIPTION
Extent 184p.
Dimensions 22 cm(pbk)
520 ## - SUMMARY, ETC.
Summary, etc Collects anecdotes from teenagers about friendship, peer pressure, self-acceptance, family life, relationships, and overcoming obstacles.
942 ## - ADDED ENTRY ELEMENTS (KOHA)
Source of classification or shelving scheme Dewey Decimal Classification
Item type Children Books
Call number suffix RUN
Classification part S
Holdings
Withdrawn status Lost status Source of classification or shelving scheme Damaged status Not for loan Collection code Home library Current library Date acquired Source of acquisition Cost, normal purchase price Total Checkouts Full call number Barcode Date last seen Copy number Cost, replacement price Koha item type Total Renewals
    Dewey Decimal Classification     Fiction Central Library Central Library 26/05/2010 Vishv Vijay /2573/9.2.10/173/27.1.10/9.2.10 48.00   S RUN B-370371 26/05/2010 1 48.00 Children Books  
    Dewey Decimal Classification     Fiction Janak Puri Janak Puri 26/05/2010 Vishv Vijay /2573/9.2.10/173/27.1.10/9.2.10 48.00 8 S RUN B-370372 06/03/2026 1 48.00 Children Books  
    Dewey Decimal Classification     Fiction Karol Bagh Karol Bagh 26/05/2010 Vishv Vijay /2573/9.2.10/173/27.1.10/9.2.10 48.00   S RUN B-370376 26/05/2010 1 48.00 Children Books  
    Dewey Decimal Classification     Fiction Mobile Library Mobile Library 26/05/2010 Vishv Vijay /2573/9.2.10/173/27.1.10/9.2.10 48.00   S RUN B-370367 26/05/2010 4 48.00 Children Books  
    Dewey Decimal Classification     Fiction Mobile Library Mobile Library 26/05/2010 Vishv Vijay /2573/9.2.10/173/27.1.10/9.2.10 48.00   S RUN B-370368 26/05/2010 4 48.00 Children Books  
    Dewey Decimal Classification     Fiction Mobile Library Mobile Library 26/05/2010 Vishv Vijay /2573/9.2.10/173/27.1.10/9.2.10 48.00   S RUN B-370369 26/05/2010 4 48.00 Children Books  
    Dewey Decimal Classification     Fiction Mobile Library Mobile Library 26/05/2010 Vishv Vijay /2573/9.2.10/173/27.1.10/9.2.10 48.00   S RUN B-370370 26/05/2010 4 48.00 Children Books  
    Dewey Decimal Classification     Fiction R.K.Puram-8 R.K.Puram-8 26/05/2010 Vishv Vijay /2573/9.2.10/173/27.1.10/9.2.10 48.00 2 S RUN B-370374 19/11/2022 1 48.00 Children Books 1
    Dewey Decimal Classification     Fiction Sarojini Nagar Sarojini Nagar 26/05/2010 Vishv Vijay /2573/9.2.10/173/27.1.10/9.2.10 48.00 2 S RUN B-370373 04/11/2022 1 48.00 Children Books  
    Dewey Decimal Classification     Fiction Shahdara Branch Shahdara Branch 26/05/2010 Vishv Vijay /2573/9.2.10/173/27.1.10/9.2.10 48.00 4 S RUN B-370377 01/04/2025 1 48.00 Children Books  
    Dewey Decimal Classification     Fiction Vinoba Puri Vinoba Puri 26/05/2010 Vishv Vijay /2573/9.2.10/173/27.1.10/9.2.10 48.00 3 S RUN B-370375 29/08/2017 1 48.00 Children Books  

© Delhi Public Library
Hit Counter
free hit counter